Os 10 países mais ricos de África - Statistics

Estatísticas Gerais
  • Esse quiz foi jogado 239 vezes
  • A pontuação média é 8 de 10
Estatísticas das Respostas
PIB em $ País % Correto
346 M $ África do Sul
98%
263 M $ Egito
94%
119 M $ Marrocos
94%
463 M $ Nigéria
90%
91 M $ Angola
87%
263 M $ Argélia
86%
89 M $ Quênia
67%
89 M $ Etiópia
66%
89 M $ Tanzânia
61%
89 M $ Gana
56%
Nenhum quiz correspondente encontrado
Distribuição das Pontuações
Porcentagem de Pessoas com Cada Pontuação
Percentil de Números Respondidos
Sua Pontuação Histórica
Você não jogou esse quiz